Municipalities of South Carolina Counties- Dorchester - Statistics

General Stats
  • This quiz has been taken 16 times
  • The average score is 4 of 6
Answer Stats
Population (2020) Municipality % Correct
50,915 Summerville
100%
114,852 North Charleston
73%
1,672 Ridgeville
67%
1,843 St. George
53%
666 Harleyville
40%
201 Reevesville
27%
No matching quizzes found
Score Distribution
Percent of People with Each Score
Percentile by Number Answered
Your Score History
You have not taken this quiz